| 000 | 00857 a2200181 4500 | ||
|---|---|---|---|
| 003 | NUST | ||
| 005 | 20221227131948.0 | ||
| 040 | _cNust | ||
| 082 | _a355.02,TZU | ||
| 100 |
_aTzu, Sun _990541 |
||
| 245 |
_aThe art of war / _cSun Tzu |
||
| 260 |
_aThe Military Service Publishing _bHarrisburg _c1949 |
||
| 300 |
_a99 p.: _billus _c18 cm |
||
| 505 | _aIntroduction 9(Page-9) Laying Plans (Page-40), Waging War (Page-44), Attack by Stratagem (Page-48), Tactical Dispositions (Page-52), Use of Energy (Page-55), Weak Points and Strong (Page-58), Maneuvering an Army (Page-64), Variation of Tactics (Page-69), The Army on the March (Page-71), Classification of Terrain (Page-77), The Nine Situations (Page-82), Attack by Fire (Page-93), Use of Spies (Page-96). | ||
| 600 |
_aSun Tzu _97096 |
||
| 650 |
_aThe art of war _9106051 |
||
| 942 |
_2ddc _cBK _k355.02,TZU |
||
| 999 |
_c185740 _d185740 |
||